Normal view
MARC view
- Clayton, Albert E
Entry Personal Name
001 - CONTROL NUMBER
- control field: 101243
003 - CONTROL NUMBER IDENTIFIER
- control field: NUST
005 - DATE AND TIME OF LATEST TRANSACTION
- control field: 20221024130631.0
008 - FIXED-LENGTH DATA ELEMENTS
- fixed length control field: 221024|| aca||aabn | a|a d
040 ## - CATALOGING SOURCE
- Original cataloging agency: NUST
- Transcribing agency: NUST
100 ## - HEADING--PERSONAL NAME
- Personal name: Clayton, Albert E
670 ## - SOURCE DATA FOUND
- Source citation: Work cat.: (NUST)180246: Clayton, Albert E., Elementary electrical engineering / , 1948
